| 000 | 00393nam a2200133Ia 4500 | ||
|---|---|---|---|
| 008 | 211109s9999||||xx |||||||||||||| ||und|| | ||
| 082 |
_a894.812 _bULA-A |
||
| 100 | _aUlahannan Mapilla, P V | ||
| 245 | 0 | _aARYAPUTRAN | |
| 260 |
_bUlahannan Mappila Research Centre _aChanganacherry _c1992 |
||
| 630 | _xGeneral stack | ||
| 650 |
_aMALAYALAM LITERATURE _vMALAYALAM POETRYMalayalam |
||
| 942 | _cBOOK | ||
| 999 |
_c52007 _d52007 |
||